Caring for textiles / (Record no. 135147)
[ view plain ]
| 000 -LEADER | |
|---|---|
| fixed length control field | 00785nam a22002537a 4500 |
| 005 - DATE AND TIME OF LATEST TRANSACTION | |
| control field | 20170124110240.0 |
| 010 ## - LIBRARY OF CONGRESS CONTROL NUMBER | |
| LC control number | 891028 |
| 020 ## - INTERNATIONAL STANDARD BOOK NUMBER | |
| Terms of availability | 00.00 |
| International Standard Book Number | 0214203964 |
| 035 ## - SYSTEM CONTROL NUMBER | |
| System control number | 891028 |
| 037 ## - SOURCE OF ACQUISITION | |
| Source of stock number/acquisition | Cen Lib/Ret |
| 040 ## - CATALOGING SOURCE | |
| Original cataloging agency | DPL |
| Language of cataloging | EN |
| 082 ## - DEWEY DECIMAL CLASSIFICATION NUMBER | |
| Classification number | 677 |
| Item number | FIN |
| 100 ## - MAIN ENTRY--PERSONAL NAME | |
| Personal name | Finch, Karen |
| 9 (RLIN) | 94695 |
| 245 ## - TITLE STATEMENT | |
| Title | Caring for textiles / |
| Statement of responsibility, etc | by Karen Finch [and] Greta Putnam |
| 246 ## - VARYING FORM OF TITLE | |
| Remainder of title | |
| 260 ## - PUBLICATION, DISTRIBUTION, ETC. (IMPRINT) | |
| Place of publication, distribution, etc | London |
| Name of publisher, distributor, etc | Barrie & Jenkins |
| Date of publication, distribution, etc | 1977 |
| 270 ## - ADDRESS | |
| City | London |
| Address | 24, Hoghbury crescent |
| 300 ## - PHYSICAL DESCRIPTION | |
| Extent | 104p. : |
| Dimensions | 25cm(Hb) |
| Other physical details | ill. |
| Accompanying material | |
| 500 ## - GENERAL NOTE | |
| General note | Includes glossary and index |
| 650 ## - SUBJECT ADDED ENTRY--TOPICAL TERM | |
| Topical term or geographic name as entry element | Textile fabrics -- Conservation and restoration. |
| 9 (RLIN) | 94696 |
| 650 ## - SUBJECT ADDED ENTRY--TOPICAL TERM | |
| Topical term or geographic name as entry element | Textiles et tissus -- Conservation. |
| 9 (RLIN) | 94697 |
| 700 ## - ADDED ENTRY--PERSONAL NAME | |
| Personal name | Putnam, Greta |
| 9 (RLIN) | 94698 |
| 942 ## - ADDED ENTRY ELEMENTS (KOHA) | |
| Source of classification or shelving scheme | Dewey Decimal Classification |
| Koha item type | English Books |
| Classification part | 677 |
| Call number suffix | FIN |
| Withdrawn status | Lost status | Damaged status | Not for loan | Collection code | Home library | Current library | Date acquired | Source of acquisition | Cost, normal purchase price | Total Checkouts | Full call number | Barcode | Date last seen | Copy number | Cost, replacement price | Price effective from | Koha item type |
|---|---|---|---|---|---|---|---|---|---|---|---|---|---|---|---|---|---|
| Not For Loan | Reference | Central Library | Central Library | 01/10/2015 | Cen Lib/Ret | 0.00 | 677 FIN | 891028 | 01/10/2015 | 1 | 0.00 | 01/10/2015 | English Books |
